Statistics for First 30 Multiples of 7 In Under A Minute

Click here to take the quiz!

General Stats

  • This quiz has been taken 38 times
  • The average score is 27 of 30

Answer Stats

Answer% Correct
7
100%
21
100%
28
100%
35
100%
42
100%
14
100%
70
100%
91
96%
105
96%
98
96%
112
96%
84
96%
77
96%
63
96%
56
96%
49
96%
119
92%
154
88%
147
88%
140
88%
133
88%
126
88%
161
85%
168
85%
175
81%
182
77%
189
77%
196
65%
203
54%
210
54%

Score Distribution

Percentile by Number Answered

Percent of People with Each Score

Your Score History

You have not taken this quiz